| 000 | 00577nam a2200193Ia 4500 | ||
|---|---|---|---|
| 003 | GCL | ||
| 008 | 140319s9999 xx 000 0 ara d | ||
| 040 |
_aGCL / _cGCL |
||
| 082 | 0 | 4 |
_a415.35 _bم م |
| 100 | 1 | _aمحمود حسينى محمود | |
| 245 | 1 | 0 |
_aالمدرسة البغدادية فى تاريخ النحو العربى / _cمحمود حسينى محمود |
| 300 | _a467 ص | ||
| 490 | _a | ||
| 650 | 0 | 4 | _aالنحو |
| 650 | 0 | 4 | _aبغداد |
| 650 | 0 | 4 | _aاللغة العربية - النحو |
| 650 | 0 | 4 | _aالنحويين - تراجم |
| 942 |
_2ddc _cBK |
||
| 999 |
_c39812 _d39812 |
||